• 首页
  • 本馆介绍
  • 公告通知
  • 最新文献
  • 馆藏检索
  • 电子资源
  • 读者导购
  • 参考咨询
  • 我的图书馆
  • 登录
  • 详细信息显示
  • 放入我的书架
  • 预约/预借图书
  • 作者相关作品
  • 分类相关作品
  • 丛书相关作品
  • 出版社相关作品

书目信息

  • 表格格式
  • 工作单格式
  • 卡片格式
题名:
物权常见法律问题及纠纷解决法条速查与文书范本
    
 
作者: ;法律出版社 编
分册:  
出版信息: 北京   法律出版社  2014
页数: 15,356页
开本: 21cm
丛书名: 法条速查与文书范本系列
单 册:
中图分类: D923.24 , D926.13
科图分类:
主题词: 物权法--基本知识--中国 , 物权法--法律文书--范文--中国 , 物权法 , 法律文书 , 范文
电子资源:
ISBN: 978-7-5118-5451-3
000 01132nam0 2200313 450
001 519
005 20140908084932.51
010    @a978-7-5118-5451-3@dCNY36.00
100    @a20140228d2014 em y0chiy50 ea
101 0  @achi
102    @aCN@b110000
105    @ay zn 001yy
106    @ar
200 1  @a物权常见法律问题及纠纷解决法条速查与文书范本@AWu Quan Chang Jian Fa Lu^ Wen Ti Ji Jiu Fen Jie Jue Fa Tiao Su Cha Yu Wen Shu Fan Ben@f法律出版社法规中心编@FFa Lu^ Chu Ban She Fa Gui Zhong Xin Bian
210    @a北京@c法律出版社@d2014
215    @a15,356页@d21cm
225 2  @a法条速查与文书范本系列@v3
330    @a本书根据常见物权法律问题,收录现行有效的相关法律法规和常用文书范本,并予以精要解读,以便广大读者充分利用法律文书实现自身合法权益。
461  0 @12001 @a法条速查与文书范本系列
606 0  @a物权法@x基本知识@y中国
606 0  @a物权法@x法律文书@x范文@y中国
606 0  @a物权法
606 0  @a法律文书
606 0  @a范文
690    @aD923.24@v5
690    @aD926.13@v5
711 02 @a法律出版社@AFa Lu^ Chu Ban She@b法规中心@4编
801  0 @aCN@bTANGWEI@c20140603
905    @b0838936-38@dD923.24@e1189@f3
    
    物权常见法律问题及纠纷解决法条速查与文书范本/法律出版社法规中心编.-北京:法律出版社,2014
    15,356页;21cm.-(法条速查与文书范本系列;3)
    
    
    ISBN 978-7-5118-5451-3:CNY36.00
    本书根据常见物权法律问题,收录现行有效的相关法律法规和常用文书范本,并予以精要解读,以便广大读者充分利用法律文书实现自身合法权益。
●
相关链接 在E读中查询图书 在五车中查询图书 在当当中查询图书 在豆瓣中查询图书


正题名:物权常见法律问题及纠纷解决法条速查与文书范本     索取号:D923.24/1189         预约/预借

序号 登录号 条形码 馆藏地/架位号 状态 备注
1 0838936   208389368   第一样本阅览室/ [索取号:D923.24/1189] 在馆    
2 0838937   208389377   第一借阅区/ [索取号:D923.24/1189] 在馆    
3 0838938   208389386   密集书库-史法系/ [索取号:D923.24/1189] 在馆    
唐山师范学院图书馆 欢迎您!
大连网信软件有限公司© 版权所有